00703 2200253 4500001002100000005001500021020002200036035002400058040001200082082001600094084002000110090002000130100001700150245006100167250001100228260003800239300004700277504003100324650003400355850001200389990001600401990001600417990001600433YOGYA00000000010098620140823130409 a978-602-9033-31-1 0010-011400000000188 aYOPDYOG 2[22]a910.2 aCoE 910.2 Iwa E aCoE 910.2 Iwa E aIWAN NUGROHO aEkowisata dan pembangunan berkelanjutanc/ Iwan Nugroho. aCet.1. aYogyakartabPustaka Pelajarc2011 axxiii, 362 hlm.b: ilus.c; 23 cm (3 eks.) aBibliografi : hlm. 348-360 aIndustri pariwisata-Indonesia aYOPDYOG a1829/B.2014 a1830/B.2014 a1831/B.2014